| 000 | 02000nam0a2200385 4500 | ||
|---|---|---|---|
| 001 | RU\NLR\BIBL_A\022645891 | ||
| 005 | 20260112160237.0 | ||
| 010 |
_a978-5-222-46092-4 _92500 |
||
| 021 |
_aRU _bКН-П-25-051180 _9КН-П-25-4950 |
||
| 035 | _a(NLR Aleph) 022645891 | ||
| 090 |
_a13514015 _c13514015 |
||
| 100 | _a20251017d2026 u y0rusy50 ca | ||
| 101 | 0 | _arus | |
| 102 | _aRU | ||
| 105 | _aa j 000yy | ||
| 181 | 0 |
_ai3 _baxxe |
|
| 182 | 0 | _an | |
| 200 | 1 |
_aОсновы микробиологии и иммунологии _eучебное пособие по укрупненной группе специальностей 31.00.00 "Клиническая медицина" _fК. С. Камышева |
|
| 203 |
_aТекст _bвизуальный _cнепосредственный |
||
| 210 |
_aРостов-на-Дону _cФеникс _d2026 (печ. 2025) |
||
| 215 |
_a415 с. _cил., табл. _d21 |
||
| 225 | 1 | _aСерия "Среднее медицинское образование" | |
| 320 | _aБиблиогр.: с. 414-415 (28 назв.) | ||
| 606 | 1 |
_aМикробиология _jУчебные издания для среднего профессионального образования _2nlr_sh1 _2nlr_sh2 _3RU\NLR\AUTH\6644124 |
|
| 606 | 1 |
_aМедицинская микробиология _jУчебные издания для среднего профессионального образования _2nlr_sh1 _2nlr_sh2 _3RU\NLR\AUTH\66106986 |
|
| 606 | 1 |
_aИммунология _jУчебные издания для среднего профессионального образования _2nlr_sh1 _2nlr_sh2 _3RU\NLR\AUTH\669867 |
|
| 675 |
_a579(075.32) _v4 |
||
| 686 | 1 | _aЕ4я723 | |
| 686 | 1 | _aР252.325я72 | |
| 686 | 1 | _aР26я72 | |
| 700 | 1 |
_aКамышева _bК. С. _gКарина Сергеевна |
|
| 942 | _cBOOK | ||
| 980 | _aNB | ||